Normal view MARC view
  • ROBERTSON, VAL ,AND WARD, ALEX , LAW, JOHN AND REED, ANN

Entry Personal Name

Number of records used in: 1

001 - CONTROL NUMBER

  • control field: 8602

003 - CONTROL NUMBER IDENTIFIER

  • control field: JRU

005 - DATE AND TIME OF LATEST TRANSACTION

  • control field: 20250409165834.0

008 - FIXED-LENGTH DATA ELEMENTS

  • fixed length control field: 250409|| aca||aabn | a|a d

040 ## - CATALOGING SOURCE

  • Original cataloging agency: JRU
  • Transcribing agency: JRU

100 ## - HEADING--PERSONAL NAME

  • Personal name: ROBERTSON, VAL ,AND WARD, ALEX , LAW, JOHN AND REED, ANN

670 ## - SOURCE DATA FOUND

  • Source citation: Work cat.: (JRU)8377: ROBERTSON, VAL ,AND WARD, ALEX , LAW, JOHN AND REED, ANN, ELECTROTHERAPY EXPLAINED : PRINCIPLES AND PRACTICE, 2006